McDonnell Douglas Planes by Picture - Statistics

General Stats
  • This quiz has been taken 121 times
    101 since last reset
  • The average score is 9 of 12
Answer Stats
Picture Answer % Correct
DC-10
95%
DC-3
94%
MD-11
90%
DC-8
77%
DC-9
77%
MD-80
77%
DC-2
73%
DC-7
73%
DC-1
72%
MD-90
72%
DC-6
63%
DC-5
59%
No matching quizzes found
Score Distribution
Percent of People with Each Score
Percentile by Number Answered
Your Score History
You have not taken this quiz since the last reset